IEP Lyon : introduction aux sciences sociales : Robert Merton - Statistiques

Statistiques générales
  • Ce quiz a été pris 31 fois
  • Le résultat moyen est 12 sur 32
Statistiques - réponses
Questions Réponses % Correct
Plusieurs écoles sociologique aux EUA en 1945. La première née dès le début du XXe siècle ? L'École de... Chicago
100%
L'École de Columbia se constitue autour d'un certain sociologue venu d'Autriche et docteur en mathématiques appliquées aux sciences sociales. Lequel ? Paul Lazarsfeld
71%
Le concept de fonction [...] (toujours dans le cas de la voiture, la fonction de distinction sociale qu'elle remplit selon la marque par exemple). Latente
53%
Les enquêtes montrent que le message électoral délivré par les médias est reçu et plus ou moins assimilé par des [...] (trois mots) qui vont faire ensuite partager leur choix de vote à des personnes de leur entourage. Leaders d’opinion
53%
Il pose le concept de [...] (vient du mythe des princes de Serendip, le roi a deux fils qui ne sont pas intéressés par la reprise du trône, alors il les envoie en voyage initiatique durant lequel les deux héritiers vivent toute sorte d'aventures) : l’idée que dans toute recherche scientifique on se confronte à un moment donnée à une donnée inattendue qui va donner l’occasion de développer de nouvelles hypothèses. Sérendipité
53%
Il postule qu’à chaque besoin vital de l’individu correspondrait un élément dans la société dont la fonction est de satisfaire ce besoin vital. On parle de fonctionnalisme... Absolu
47%
Pour lui le système de l'action sociale peut être décomposé analytiquement en quatre sous-systèmes. Chaque action découle d'une interaction entre les quatre. Chacun de ces sous-systèmes a une fonction (ils répondent à un besoin). Au sous-système de l'organisme biologique correspond la fonction d'[...] (les individus s'adaptent au contexte et à l'environnement). Adaptation
47%
Il développe une théorie de l'action sociale. Le système... (sigle). AGIL
47%
Il développe son Bureau of Applied Social Research, qui est un centre de recherches mais aussi une [...] qui vend des sondage. Entreprise
47%
Le concept de fonction [...] (exemple : se déplacer pour une voiture). Manifeste
47%
Le scientifique doit être la plupart du temps [...] par ses propres découvertes et réorienter sa recherche. Surpris
47%
Quel anthropologue développe le courant fonctionnaliste et la notion de fonction (contribution qu'apporte un élément à l'organisation ou à l'action de l'ensemble dont il fait partie) ? Bronislaw Malinowski
41%
La fonction de latence (fait que pendant toute l’action de l’individu il y a un certain nombre de représentations qui guident son action) qui assure une stabilité dans l'action, un maintien des buts, est fonction du sous-système... (appareil symbolique : valeurs, connaissances, idéologies). -> Il est reproché à ce sociologue un manque d'études empiriques pour légitimer ses théories (philosophie sociale). Culturel
41%
LComplétez la définition. « la [...] est une définition d’abord fausse d’une situation, mais cette définition erronée suscite un nouveau comportement, qui la rend vraie » Prophétie auto-réalisatrice
41%
La fonction d'intégration (l’ensemble des normes qui vont éviter des déviations dans le système) est fonction du sous-système... (conditions impliquées dans l'interaction d'individus). Social
41%
Il met également en évidence le concept de [...] (gêne l’équilibre général). Dysfonction
35%
Ce sociologue et le groupe autour de lui se spécialisent dans les enquêtes d'opinion, la sociologie électorale et la statistique. Ils affirment la neutralité du chiffre. En rester aux chiffres et à la statistique permettrait de mettre de côté tout biais méthodologique. On a affaire à une méthode... Quantitative
35%
Il développe les notions de [...] set (ensemble de [...] de l'individu) et de [...] set (ensemble de [...] de l'individu comme père de famille, employé...) à partir de notions empruntées à Relph Linton. Ces deux "set" fondent la structure sociale. Nommez les deux notions à la suite. Rôle Statut
35%
Alfred Radcliffe-Brown prend sa suite mais part des besoins des sociétés (pas des individus). Il postule que tout système social posséderait une « unité fonctionnelle » correspondant à un état harmonieux et une coopération entre tous les éléments du système. C'est le fonctionnalisme... Structurel
35%
Quel universitaire américain proche de la tradition européenne cherche à refonder une sorte de philosophie sociales face à l'empirisme des deux écoles précédemment citées ? Talcott Parsons
35%
Au sous-système de la personnalité psychique correspond la fonction de [...] (deux mots liés par tiret) (poursuite des buts, les actions humaines visant à atteindre des objectifs fixés). Goal-attainment
29%
Il est à l'origine d'une grande enquête sociale sur les conséquences du chômage de masse dans laquelle il déduit que la détresse sociale qu'il entraîne mène à d'avantage d'apathie de la part des ouvriers que de mobilisation. Sous quel titre est-elle publiée en 1933 ? (quatre mots) Les chômeurs de Marienthal
29%
L’idée de théorie de [...] (deux mots) de Merton suppose que la sociologie doit être empirique mais aussi avoir un fondement théorique : contre une théorie purement spéculative mais également contre une sociologie qui en reste aux chiffres. -> une théorisation à partir du travail empirique que l’on a fait. Il pense également que la recherche empirique n’est pas une simple vérification des hypothèses, mais que le travail empirique réoriente ou clarifie nos théories et nos hypothèses. Moyenne portée
29%
il en découle la [...] (trois mots) theory postulant que l’influence des médias sur la population est relative et se fait en deux temps. Two step flow
29%
Il critique les anciens fonctionnalismes notamment trois principes. Il remet en question l'existence d'une [...] (deux mots) car certains usages peuvent être fonctionnels dans un groupe social et pas dans un autre (les religions par exemple). Unité fonctionnelle
29%
Ils privilégient des objets d'études délaissés comme l'immigration ou la délinquance et une méthode à dimension ethnographique (entretien, observation participante). On parle de méthode [...] (terme wéberien)... Compréhensive
24%
Robert Merton, élève de ce sociologue et membre du centre de recherche autour de l'École de Columbia développe une fonctionnalisme modéré ou relativisé. Il y mène des travaux sur les médias. Citez en un (l'un en 1946 et l'autre en 1963). Mass Persuasion/Patterns of Influence
24%
Il développe dans ses deux ouvrages phares, à partir des travaux de Radcliffe-Brown, une approche qualifiée de fonctionnalisme... Systémique
24%
Dans quelle enquête emblématique suit-il l'évolution de la campagne présidentielle de 1940 et son influence sur les résultats électoraux ? The people's choice
24%
Il pense également que tout phénomène social ne remplit pas forcément une fonction sociologique. Finalement, Merton montre que chaque fonction n’est pas forcément indispensable au fonctionnement de l’ensemble, un élément social peut avoir plusieurs fonctions et une même fonction peut être remplie par des phénomènes sociaux équivalents ou interchangeables, il parle « d’[...] (deux mots) » (remise en question du postulat de nécessité). Équivalence fonctionnelle
18%
Citez l'un des ces deux ouvrages, le premier étant paru en 1951 et le second en 1971. La théorie générale de l'action/Le système des sociétés modernes
18%
... et [...]. Qualitative
12%
Aucun quiz correspondant
Distribution des résultats
% des personnes avec chaque résultat
Percentile par nombre de réponses
Votre historique - résultats
Vous n’avez pas pris ce quiz